000 00749nam a2200181 i 4500
001 62980
003 ES-MaACL
005 20230906164748.0
007 t|
008 180430q1885 xxk ||||1| spa d
110 2 _aJulius G. Neville.
_9164722
245 1 0 _aCatálogo ilustrado de máquinas y calderas de vapor de Julius G. Neville & Co., oriel chambers, Liverpool (Inglaterra) : sucursales y depósito: Julius G. Neville, 11, plaza de palacio, Barcelona. 6, puerta del sol, Madrid.
260 _a[S.l.] :
_bJulius G. Neville,
_c[ca. 1885]
300 _a24 p. :
_bil. ;
_c28 cm.
650 4 _aCalderas de vapor-
_vCatálogos comerciales.
_9164723
650 4 _aMáquinas de vapor-
_vCatálogos comerciales.
_9164724
852 _aES-MaACL
_jT-502-F-14
999 _c62980
_d62980